| 000 | 00788nac a22001931u 4500 | ||
|---|---|---|---|
| 082 |
_a658.403 _bM1673 |
||
| 090 |
_c710 _d710 |
||
| 100 | _aMcManus, John J. | ||
| 245 |
_aInformation systems project management : _bmethods, tools and techniques / _cJohn McManus and Trevor Wood-Harper. |
||
| 260 |
_aNew Delhi : _bPearson Education, _cc2003. |
||
| 300 |
_axvi, 294 p. : _bill. ; _c25 cm. |
||
| 504 | _aIncludes bibliographical references and index. | ||
| 650 | _aProject management. | ||
| 650 | _aInformation resources management. | ||
| 650 | _aManagement information systems. | ||
| 700 | _aWood-Harper, A. T. | ||
| 942 |
_cBB _k658.403M1673 |
||
| 999 |
_c710 _d710 |
||